| 000 | 02213cam a22004338i 4500 | ||
|---|---|---|---|
| 001 | 20638320 | ||
| 005 | 20250821161006.0 | ||
| 008 | 180817s2019 nju b 001 0 eng | ||
| 010 | _a 2018039798 | ||
| 020 |
_a9781119235927 _qhardcover |
||
| 035 | _a20638320 | ||
| 035 | _a(DNLM)101732507 | ||
| 040 |
_aDNLM/DLC _erda _cDLC |
||
| 042 | _apcc | ||
| 050 | 0 | 0 | _aRM216 |
| 060 | 1 | 0 | _aWB 400 |
| 082 | 0 | 0 |
_a615.854 _bMAN |
| 245 | 0 | 0 |
_aManual of dietetic practice / _cedited by Joan Gandy in conjunction with the British Dietetic Association. |
| 250 | _aSixth edition. | ||
| 263 | _a1905 | ||
| 264 | 1 |
_aHoboken, NJ : _bJohn Wiley & Sons, Inc. : _bThe British Dietetic Association, _c2019 |
|
| 300 | _axv, 1014 p. ; | ||
| 336 |
_atext _2rdacontent |
||
| 337 |
_aunmediated _2rdamedia |
||
| 338 |
_avolume _2rdacarrier |
||
| 504 | _aIncludes bibliographical references and index. | ||
| 520 | _aManual of Dietetic Practice (6th Edition, ISBN 9781119235927) is the authoritative guide for dietetic students and experienced practitioners alike, fully endorsed by the British Dietetic Association. Thoroughly revised and updated in 2019, this comprehensive resource spans the entire dietetic curriculum—covering the latest scientific developments, nutrition surveillance data, evidence-based practice guidelines, insights into Public Health England’s influence, public health intervention strategies, and a companion website with learning aids—making it an indispensable reference for healthcare professionals and educators. | ||
| 546 | _aIn English | ||
| 590 | _aNBL010825 | ||
| 650 | 1 | 2 |
_aDiet Therapy _9129997 |
| 650 | 1 | 2 |
_aDietetics _998429 |
| 650 | 2 | 2 |
_aNutritional Physiological Phenomena _918278 |
| 700 | 1 |
_aGandy, Joan, _eeditor. _9130397 |
|
| 710 | 2 |
_aBritish Dietetic Association, _eissuing body. _9130398 |
|
| 776 | 0 | 8 |
_iOnline version: _tManual of dietetic practice _bSixth edition. _dHoboken, NJ : John Wiley & Sons, Inc. : The British Dietetic Association, 2019 _z9781119235903 _w(DLC) 2018041076 |
| 906 |
_a7 _bcbc _corignew _d1 _eecip _f20 _gy-gencatlg |
||
| 942 |
_2ddc _cBK |
||
| 999 |
_c614554 _d614554 |
||